Introducción a la psicología de los grupos
Guardat en:
| Autors principals: | , |
|---|---|
| Format: | Llibre |
| Idioma: | espanyol |
| Publicat: |
Madrid
Pirámide
1999
|
| Col·lecció: | Colección Psicología
|
| Matèries: | |
| Etiquetes: |
Afegir etiqueta
Sense etiquetes, Sigues el primer a etiquetar aquest registre!
|
MARC
| LEADER | 00000nam a2200000 a 4500 | ||
|---|---|---|---|
| 001 | UCP7284 | ||
| 003 | CL-VaPUC | ||
| 008 | 991209e19990000SP |||||||||||||||||spa|d | ||
| 082 | 0 | 4 | |a 302 |b GIL |2 21 |
| 100 | |a Gil Rodríguez, Francisco |e author |9 436814 | ||
| 700 | 0 | |a Alcover de la Hera, Carlos |e author |9 436815 | |
| 245 | 1 | 0 | |a Introducción a la psicología de los grupos |
| 300 | |a 511 p | ||
| 942 | |c BK | ||
| 945 | |d 19991209 00:00:00 |a vberengu | ||
| 260 | |a Madrid |b Pirámide |c 1999 | ||
| 650 | 7 | |a GRUPOS |2 CL-VaPUC |9 336429 | |
| 650 | 0 | |a Liderazgo |9 271835 | |
| 650 | 0 | |a Psicología |9 257863 | |
| 650 | 0 | |a Psicología social |9 222894 | |
| 650 | 7 | |a RELACIONES ENTRE GRUPOS |2 CL-VaPUC |9 337590 | |
| 583 | |a last modification |c 19991209 00:00:00 |k Rodrigo Vera | ||
| 490 | 0 | |a Colección Psicología | |
| 999 | |c 284587 |d 284585 | ||
| 952 | |0 0 |1 0 |4 0 |6 302_000000000000000_GIL_1999 |7 0 |8 A |9 328699 |a BIBEDU |b BIBEDU |d 2019-11-20 |i 3585417 |o 302 GIL 1999 |p 3585417 |r 2019-11-20 |w 2019-11-20 |y BK |k PSI | ||